| 000 | 00632nam a22002177a 4500 | ||
|---|---|---|---|
| 999 |
_c5990 _d5990 |
||
| 003 | AR-CdUCM | ||
| 008 | 190313b ||||| |||| 00| 0 spa d | ||
| 040 |
_aMUNICIPALIDAD PROVINCIAL DEL CUSCO _cBIBLIOTECA MUNICIPAL DEL CUSCO |
||
| 082 |
_a819.7 / _bA55 |
||
| 100 |
_aAndréev, Alexandr _917545 |
||
| 245 |
_aNo habrá indireferentes : _bNovela / |
||
| 260 |
_aMoscú : _bEdit. Progreso, |
||
| 300 |
_a357 paginas ; _c17 cm. |
||
| 500 | _aDonación sala Nieto | ||
| 505 | _aContenido :Novela / | ||
| 650 |
_aLiteratura rusa _99988 |
||
| 650 |
_aNovelas _9218 |
||
| 650 |
_aSiglo XX _98 |
||
| 942 |
_2ddc _cLIBROS |
||
| 945 | _arjall | ||